[Event "NZ Junior Championship 2017"]
[Site "Auckland NZL"]
[Date "2017.07.13"]
[Round "5"]
[White "Ang, Alphaeus Wei Ern"]
[Black "Fan, Allen Chi Zhou"]
[Result "1-0"]
[WhiteElo "2005"]
[BlackElo "2057"]
[PlyCount "121"]
[EventDate "2017.07.11"]

1. d4 Nf6 2. c4 g6 3. Nc3 Bg7 4. e4 d6 5. Be2 O-O 6. Be3 c5 7. d5 e6 8. Nf3
exd5 9. cxd5 Re8 10. Nd2 a6 11. a4 Nbd7 12. O-O Rb8 13. Qc2 Re7 14. h3 Ne8 15.
Rab1 Nc7 16. b4 cxb4 17. Rxb4 Qf8 18. Bg5 f6 19. Bf4 Ne8 20. Nc4 Ne5 21. Nxe5
fxe5 22. Be3 Bh6 23. Bxa6 Bf4 24. Bxf4 exf4 25. f3 Qf6 26. Ne2 Qg5 27. Kh2 Qe5
28. Qb2 Qg5 29. Qc1 Rf7 30. Bb5 Nc7 31. Rc4 Qd8 32. Nxf4 Nxb5 33. axb5 Bd7 34.
Ne6 Qf6 35. Qc3 Bxe6 36. Qxf6 Rxf6 37. dxe6 Rxe6 38. Rfc1 Re7 39. Rc7 Rbe8 40.
Kg3 Kf7 41. Kf2 Ke6 42. f4 Kf6 43. Rxe7 Rxe7 44. Kf3 Ke6 45. b6 Rd7 46. g4 d5
47. e5 g5 48. fxg5 Kxe5 49. Rc7 Rd6 50. Rxb7 Kd4 51. Ke2 h6 52. gxh6 Rxh6 53.
g5 Rxh3 54. g6 Kc5 55. Rh7 Rb3 56. g7 Rb2+ 57. Kd3 Rb3+ 58. Kc2 Rg3 59. b7 Kc4
60. b8=Q Rg2+ 61. Kd1 1-0

[Event "NZ Junior Championship 2017"]
[Site "Auckland NZL"]
[Date "2017.07.13"]
[Round "5"]
[White "Gong, Daniel Hanwen"]
[Black "Qin, Nicole Shu Yu"]
[Result "1-0"]
[WhiteElo "2287"]
[BlackElo "1475"]
[PlyCount "141"]
[EventDate "2017.07.11"]

1. e4 e6 2. g3 d5 3. Nc3 c5 4. exd5 exd5 5. d4 Nc6 6. Nge2 Be6 7. Bg2 Nf6 8.
O-O Be7 9. Bg5 cxd4 10. Nxd4 O-O 11. Re1 Qd7 12. Nxe6 fxe6 13. Bh3 Nd8 14. Bxf6
Bxf6 15. Ne4 Qc6 16. Nxf6+ Rxf6 17. Qe2 Rc8 18. Rac1 Rc7 19. b3 Rcf7 20. f4
Qb6+ 21. Kh1 Qc6 22. c4 dxc4+ 23. Bg2 Qa6 24. Rxc4 Rd7 25. Qc2 Qa5 26. Rd1
Rxd1+ 27. Qxd1 Rf8 28. a4 Qb6 29. h3 Qf2 30. Qf3 Qb6 31. Qc3 Nf7 32. a5 Qa6 33.
Rc7 b6 34. axb6 Qxb6 35. Rc6 Qf2 36. Rxe6 Rd8 37. Kh2 h6 38. Qe3 Qxe3 39. Rxe3
Rd7 40. g4 g6 41. Bc6 Rc7 42. Bd5 Kg7 43. Bxf7 Kxf7 44. Kg3 Kf6 45. h4 Rc5 46.
Kf3 Rb5 47. Rc3 Rb6 48. g5+ hxg5 49. hxg5+ Kf5 50. Rc5+ Ke6 51. Re5+ Kf7 52.
Re3 Rb4 53. Kg4 Rb5 54. Rc3 Rb7 55. Kf3 Ke6 56. Re3+ Kf7 57. Ke4 Re7+ 58. Kd4
Rd7+ 59. Kc5 Rb7 60. b4 Rc7+ 61. Kb5 Rb7+ 62. Ka5 Rb6 63. b5 Rd6 64. Re4 Rb6
65. Rc4 Ke6 66. Rc7 Rd6 67. Rxa7 Kd5 68. Ra6 Kc5 69. Rxd6 Kxd6 70. Ka6 Kc7 71.
Ka7 1-0

[Event "NZ Junior Championship 2017"]
[Site "Auckland NZL"]
[Date "2017.07.13"]
[Round "5"]
[White "Meng, Richard"]
[Black "Liu, Xinyang"]
[Result "0-1"]
[WhiteElo "1646"]
[BlackElo "1511"]
[PlyCount "230"]
[EventDate "2017.07.11"]

1. c4 Nf6 2. Nc3 b6 3. e4 d6 4. g3 Nbd7 5. Bg2 Bb7 6. Nge2 g6 7. O-O Rb8 8. Rb1
Bg7 9. d3 O-O 10. b4 Ba8 11. Qa4 Ne5 12. Rd1 Nc6 13. Nb5 a5 14. bxa5 Nxa5 15.
Bd2 Nb7 16. Be3 Ng4 17. Ned4 Nc5 18. Qa3 Nxe3 19. fxe3 Bb7 20. Qb4 Ra8 21. a3
Ra4 22. Qb2 Qd7 23. Nc3 Ra7 24. Ndb5 Ra5 25. d4 Ne6 26. a4 Ng5 27. Rf1 Bc6 28.
Rbc1 e5 29. d5 Bxb5 30. cxb5 Nh3+ 31. Bxh3 Qxh3 32. Rf3 Qg4 33. Qf2 Qd7 34. Kg2
Bh6 35. h3 Raa8 36. g4 Bg5 37. Kh2 Qe7 38. Rg1 Bh4 39. Qg2 Qg5 40. Qc2 Qe7 41.
Nb1 Ra7 42. Nd2 Rfa8 43. Ra1 Ra5 44. Qb3 Qg5 45. Rff1 h5 46. Nf3 Qh6 47. Rg1
Bf2 48. Rg2 Bxe3 49. g5 Bf4+ 50. Kh1 Qf8 51. Ng1 Qe7 52. h4 Qd7 53. Raa2 Qe7
54. Nh3 Kh7 55. Nxf4 exf4 56. Qc2 R5a7 57. Rf2 Qe5 58. Rf3 Re8 59. Qf2 Qxe4 60.
Kh2 Qxd5 61. Rxf4 Kg8 62. Rd2 Qe6 63. Rdd4 Re7 64. Rde4 Qxe4 65. Rxe4 Rxe4 66.
a5 Rxa5 67. Qd2 Re7 68. Qb2 Ra8 69. Kg3 Rae8 70. Qc1 Re3+ 71. Kf2 R8e7 72. Qc6
R3e5 73. Qa8+ Re8 74. Qc6 R5e7 75. Kf3 Rd8 76. Qd5 Re5 77. Qc6 Re7 78. Qd5 Rdd7
79. Kf2 Re5 80. Qb7 Kh7 81. Qc8 Rde7 82. Qf8 d5 83. Qd8 Kg7 84. Kf3 Kh7 85. Kf2
d4 86. Qxd4 Rxb5 87. Qc4 Rbe5 88. Qb4 R5e6 89. Qb5 c5 90. Qc4 Rb7 91. Qa6 Ree7
92. Qb5 Rec7 93. Ke3 c4 94. Kd2 c3+ 95. Kc2 Kg7 96. Qe5+ Kh7 97. Qb5 Rb8 98.
Qe5 Rcc8 99. Qd5 Kg8 100. Qb5 Kf8 101. Qb4+ Rc5 102. Qf4 Rbc8 103. Qd6+ Kg8
104. Qxb6 Rf5 105. Qd4 Rb5 106. Qd7 Rb2+ 107. Kc1 Rcb8 108. Qd4 c2 109. Qe5
R8b5 110. Qe4 Rc5 111. Qa8+ Kh7 112. Kxb2 c1=Q+ 113. Kb3 Qc2+ 114. Kb4 Qc3+
115. Ka4 Rc4+ 0-1

[Event "NZ Junior Championship 2017"]
[Site "Auckland NZL"]
[Date "2017.07.13"]
[Round "5"]
[White "Gao, Hugh"]
[Black "Stannard, Bobby"]
[Result "1-0"]
[WhiteElo "1414"]
[BlackElo "1481"]
[PlyCount "55"]
[EventDate "2017.07.11"]

1. e4 c5 2. Nf3 Nc6 3. d4 cxd4 4. Nxd4 Qb6 5. Nb3 g6 6. Be3 Qb4+ 7. N1d2 Bg7 8.
a4 Bxb2 9. Bc5 Qc3 10. Ra2 d6 11. Be3 e6 12. Qb1 Nb4 13. Rxb2 Nf6 14. Bd4 Qc6
15. Bxf6 Rf8 16. Nd4 Nxc2+ 17. Qxc2 Qxc2 18. Rxc2 e5 19. Nb5 Kd7 20. Be2 Rg8
21. Bg4+ Ke8 22. Nc7+ Kf8 23. Nxa8 Bxg4 24. O-O g5 25. Rfc1 Ke8 26. Rc8+ Bxc8
27. Rxc8+ Kd7 28. Rxg8 1-0

[Event "NZ Junior Championship 2017"]
[Site "Auckland NZL"]
[Date "2017.07.13"]
[Round "5"]
[White "Hu, Erica Yue"]
[Black "Xiao, Kelvin"]
[Result "1-0"]
[WhiteElo "930"]
[BlackElo "975"]
[PlyCount "89"]
[EventDate "2017.07.11"]

1. c4 e6 2. Nc3 Nf6 3. g3 d5 4. cxd5 exd5 5. d4 b6 6. Bg2 Bb7 7. Nf3 c5 8. e3
cxd4 9. exd4 Be7 10. Ne5 O-O 11. O-O Nbd7 12. h3 Re8 13. f4 Ne4 14. Nxe4 dxe4
15. Qb3 Nxe5 16. dxe5 Rb8 17. f5 Bc5+ 18. Kh2 Rxe5 19. Bf4 Rxf5 20. Bxb8 Rxf1
21. Rxf1 Bd5 22. Rd1 Qxb8 23. Qxd5 e3 24. Qd8+ Qxd8 25. Rxd8+ Bf8 26. Re8 g6
27. Rxe3 Bc5 28. Re8+ Kg7 29. Ra8 a5 30. Rb8 h6 31. Rb7 Kf8 32. Bd5 f6 33. Rf7+
Kg8 34. Rxf6+ Kg7 35. Rc6 Bd4 36. b3 b5 37. a4 bxa4 38. bxa4 Be5 39. Ra6 Bc3
40. Be4 g5 41. Ra7+ Kf6 42. Rh7 Ke5 43. Bc2 Bd2 44. Rxh6 g4 45. Rh5+ 1-0

[Event "NZ Junior Championship 2017"]
[Site "Auckland NZL"]
[Date "2017.07.13"]
[Round "5"]
[White "Picken, Oliver"]
[Black "Li, Leo Xiang Yu"]
[Result "1-0"]
[WhiteElo "1878"]
[BlackElo "1236"]
[PlyCount "43"]
[EventDate "2017.07.11"]

1. e4 e5 2. Nf3 Nc6 3. Bc4 Bc5 4. b4 Bxb4 5. c3 Bc5 6. d4 exd4 7. O-O dxc3 8.
Qd5 Qe7 9. Nxc3 Nf6 10. Qd1 O-O 11. Bg5 Qd8 12. e5 d5 13. exf6 dxc4 14. fxg7
Qxd1 15. gxf8=Q+ Kxf8 16. Raxd1 Bg4 17. Rfe1 Nd4 18. Nxd4 Bxd1 19. Rxd1 Re8 20.
Nde2 Bb4 21. Rd8 Rxd8 22. Bxd8 1-0

[Event "NZ Junior Championship 2017"]
[Site "Auckland NZL"]
[Date "2017.07.13"]
[Round "5"]
[White "Xie, Felix"]
[Black "Li, Andrew"]
[Result "0-1"]
[WhiteElo "1049"]
[BlackElo "1388"]
[PlyCount "108"]
[EventDate "2017.07.11"]

1. e4 e5 2. Nf3 Nc6 3. d4 exd4 4. Nxd4 Nxd4 5. Qxd4 d6 6. Nc3 Nf6 7. Bg5 Be7 8.
Bd3 a6 9. O-O c5 10. Qe3 Ng4 11. Bxe7 Nxe3 12. Bxd8 Nxf1 13. Kxf1 Kxd8 14. Re1
Be6 15. Re3 Ke7 16. Nd5+ Bxd5 17. exd5+ Kf8 18. Ke2 Re8 19. Be4 f5 20. Bxf5
Rxe3+ 21. Kxe3 Ke7 22. Ke4 Kf6 23. Be6 h5 24. a3 a5 25. c3 Rb8 26. h3 b5 27. b4
cxb4 28. cxb4 axb4 29. axb4 Rb7 30. Kd4 Rc7 31. Kd3 Rc4 32. g4 hxg4 33. hxg4
Rxb4 34. Ke3 Rc4 35. Bd7 Ke5 36. Bc6 Rxg4 37. Bxb5 Kxd5 38. f3 Rb4 39. Be2 Ke5
40. Kd3 Ra4 41. Ke3 Ra3+ 42. Kf2 Kf4 43. Kg2 Ra2 44. Kf1 Ke3 45. Bd1 Ra1 46.
Ke1 d5 47. f4 d4 48. f5 d3 49. f6 gxf6 50. Kf1 Rxd1+ 51. Kg2 d2 52. Kg3 Rg1+
53. Kh4 d1=Q 54. Kh3 Qh5# 0-1

[Event "NZ Junior Championship 2017"]
[Site "Auckland NZL"]
[Date "2017.07.13"]
[Round "5"]
[White "Ong, Weng Yan"]
[Black "McDougall, Euan"]
[Result "1-0"]
[WhiteElo "1158"]
[BlackElo "1333"]
[PlyCount "155"]
[EventDate "2017.07.11"]

1. e4 e5 2. Nf3 Nc6 3. Bb5 d6 4. d4 exd4 5. Nxd4 Bd7 6. O-O g6 7. Be3 Bg7 8.
Nc3 Nge7 9. Qd2 O-O 10. Rae1 Nxd4 11. Bxd4 Bxb5 12. Nxb5 Bxd4 13. Nxd4 Nc6 14.
Nxc6 bxc6 15. Rd1 Qf6 16. Qd4 Kg7 17. Qxf6+ Kxf6 18. f4 Ke6 19. c4 Rab8 20. b3
a5 21. Rd3 a4 22. Rff3 axb3 23. axb3 Rb4 24. Kf2 Ra8 25. Rc3 Ra3 26. Rfd3 f5
27. exf5+ Kxf5 28. Kf3 Rb8 29. g4+ Kf6 30. Ke4 Re8+ 31. Kf3 Re1 32. b4 Ra2 33.
h3 Rg1 34. Ke4 Rb2 35. Rb3 Rgb1 36. Rxb2 Rxb2 37. Kd4 Rxb4 38. Kc3 c5 39. Re3
Kf7 40. Re2 Ra4 41. Rb2 Ke7 42. Rb8 Ra3+ 43. Rb3 Rxb3+ 44. Kxb3 c6 45. Kc3 Ke6
46. Kd3 d5 47. Kc3 h5 48. Kd3 hxg4 49. hxg4 Kf6 50. Kc3 Ke7 51. Kd3 Kd6 52. Kc3
Kc7 53. Kd3 Kb6 54. f5 gxf5 55. g5 f4 56. g6 f3 57. g7 dxc4+ 58. Ke3 Kb5 59.
g8=Q Kb4 60. Qb8+ Kc3 61. Qe5+ Kb3 62. Qxc5 f2 63. Kxf2 c3 64. Qb6+ Ka2 65.
Qa5+ Kb3 66. Qa1 c5 67. Qc1 Kc4 68. Ke3 Kb3 69. Ke4 Kc4 70. Ke3 Kb3 71. Kd3 c4+
72. Ke2 Kb4 73. Kd1 Kb3 74. Qb1+ Ka3 75. Kc2 Ka4 76. Kxc3 Ka5 77. Qb7 Ka4 78.
Qb4# 1-0

[Event "NZ Junior Championship 2017"]
[Site "Auckland NZL"]
[Date "2017.07.13"]
[Round "5"]
[White "Li, Allen"]
[Black "Han, Allan"]
[Result "1/2-1/2"]
[WhiteElo "1311"]
[BlackElo "1201"]
[PlyCount "54"]
[EventDate "2017.07.11"]

1. e4 c5 2. Nf3 d6 3. Bb5+ Bd7 4. Bxd7+ Nxd7 5. Nc3 Ngf6 6. O-O e5 7. d3 Be7 8.
Re1 O-O 9. Bg5 h6 10. Bh4 Nh7 11. Bxe7 Qxe7 12. Nd5 Qd8 13. Nd2 Nhf6 14. Nxf6+
Nxf6 15. Nc4 a6 16. a4 Qc7 17. c3 b5 18. axb5 axb5 19. Rxa8 Rxa8 20. Ne3 Nd7
21. Nd5 Qb7 22. Qf3 Nb6 23. Nxb6 Qxb6 24. Rd1 Qa7 25. d4 exd4 26. cxd4 c4 27.
h3 Qb7 1/2-1/2